Music Quiz

Random Music or Song Quiz

Father's Day Music Quiz Stats

 Plays Quiz Updated Apr 11, 2017

Challenge
Share
Tweet
Score 0/23 Timer 12:00
0 Plays Today
Start time Song title % Correct
0:24Father
84.6%
1:54Papa Don't Preach
58.8%
0:11Father Of Mine
47.5%
0:53Big Poppa
40.2%
1:35Father Figure
33.8%
0:37My Father's Eyes
30.5%
0:00Dance With My Father
30.3%
4:04Papa Was A Rollin' Stone
28.9%
5:24Papa's Got a Brand New Bag
27.8%
4:30Father And Son
16.7%
3:32Daddy's Home
10.5%
1:06Papa Loved Mama
9.8%
Start time Song title % Correct
2:57Daddy Cool
9.2%
5:14Daddy Sang Bass
7.9%
4:19Sugar Daddy
6.7%
1:19Oh Father
6.2%
3:16I Believe In Father Christmas
4.6%
3:50Daddy Don't You Walk So Fast
4.4%
4:45Don't Cry Daddy
3.2%
2:09Annie I'm Not Your Daddy
2.5%
2:42Papa's Got A Brand New Pigbag
1.8%
2:25Your Daddy Don't Know
1.6%
4:58Color Him Father
1.1%

You're not logged in!

Compare scores with friends on all Sporcle quizzes.
OR
Log In

You Might Also Like...

Show Comments

Extras

Top Quizzes Today


Score Distribution

Your Account Isn't Verified!

In order to create a playlist on Sporcle, you need to verify the email address you used during registration. Go to your Sporcle Settings to finish the process.

Report this User

Report this user for behavior that violates our Community Guidelines.

Details: